MARC

Tag First Indicator Second Indicator Subfields
LEADER 00000cam a22000001 4500
001 in00000065033
005 20151008051216.0
008 740801s1966 dcu b 00000 eng
010 |a  66031740  
035 |a (OCoLC)00966941 
035 |9 AAG6451AM 
040 |a DLC  |c DLC  |d TXA  |d UtOrBLW 
049 |a TXAM  |c 1 [473547] 
050 0 0 |a GV183.7  |b .J6 
082 0 |a 362.3 
092 |a 362.3  |b J74r 
110 2 |a Joint Committee of the Council for Exceptional Children and the American Association for Health, Physical Education, and Recreation. 
245 1 0 |a Recreation and physical activity for the mentally retarded. 
264 1 |a Washington :  |b Council for Exceptional Children and American Association for Health, Physical Education, and Recreation,  |c [1966] 
300 |a 87 pages ;  |c 23 cm. 
336 |a text  |b txt  |2 rdacontent 
337 |a unmediated  |b n  |2 rdamedia 
338 |a volume  |b nc  |2 rdacarrier 
504 |a Bibliography: pages 67-87. 
650 0 |a People with mental disabilities  |x Recreation. 
999 |a MARS 
999 f f |s e45e50d5-759c-377f-a00f-ace269f27049  |i 3fff15ca-ec02-3070-b562-1763873c2167  |t 0 
952 f f |p ric  |a Texas A&M University  |b Rellis Campus  |c Joint Library Facility  |d Remote Storage  |t 0  |e GV183.7 .J6  |h Library of Congress classification  |i unmediated -- volume  |m A14800810088 
998 f f |a GV183.7 .J6  |t 0  |l Remote Storage